Регионална библиотека "Любен Каравелов" - Русе

Диана де Лис (Запис номер 355380)

MARC детайли
000 -Лидер
Контролно поле с фиксирана дължина 01174nam a2200325 a 4500
003 - Код на организацията, давaща контролен номер
Контролно поле BLK
005 - Дата и час на последна редакция
Контролно поле 20250123095112.0
008 - Елементи от данни с фиксирана дължина
fixed length control field 200310b bul|||||r ||||||| ||bul||
010 ## - Наследен системен номер
LC control number KNG00017984RET
040 ## - Източник на каталожния запис
Идентификатор на билиотеката - собственик на записа BLK
041 ## - Код за език
Код за езика на текст/звукозапис или на отделно заглавие Български
Код за езика КДБФ Български
080 ## - УДК
Текстов определител УДК Френска литература
УДК код - определител по УДК 821.133.1
УДК определител -2
УДК - код + определител 821.133.1-2
100 ## - Редна дума - Автор
Автор Дюма - син, Александър
Авторска отговорност първи автор
R(LIN) 1299
139 ## - Редно поле
Редна дума Дюма, Александър-син
Авторски знак Дюм - Д 98
245 10 - Сведения за заглавието
Заглавие Диана де Лис
Подзаглавни данни Драма в 5 д.
Редно поле (дума) Съавт. Александър Дюма-син ; Прев. от фр. Н. Семенов
257 ## - Страна на издаване
Страна на създаване/издаване България
260 ## - Област на издателските данни
Място на издаване, разпространение и проч. Русе
Име на издателя, разпространителя и проч. Симеон Симеонов
Година на издаване 1898
Печатница Русе : печ. Надежда
300 ## - Физическа характеристика
Страници 158 с.
Размери/Мащаб 25 см
380 ## - Жанр
Жанр Худож. лит.
490 ## - СЕРИИ (Колекции)
9 (RLIN) 435080
Име на серия Колекция Редки и ценни издания
700 1# - Други автори (авторска отговорност)
Лично име Семенов, Н.
Автороска отговорност (Описва отношението между автора и произведението) Прев. от фр.
9 (RLIN) 405299
852 ## - Местоположение
Форматна сигнатура Рб 898
Фондова буква Редки и ценни
852 ## - Местоположение
Форматна сигнатура К 821/Д 98
856 4# - Електронен адрес и достъп
Електронен формат pdf - файл
Път до файла /url/
856 4# - Електронен адрес и достъп
Електронен формат pdf - файл
Път до файла /url/
999 ## - СИСТЕМНИ КОНТРОЛНИ НОМЕРА
Koha biblionumber 355380
Koha biblioitemnumber 355380
942 ## - АРТИКУЛИ
Вид на библиотечния материал Книги
Скрит в OPAC Не
Периодичен библиозапис Да
Koha issues (borrowed), all copies 1
944 ## - СЪЗДАВАНЕ И РЕДАКЦИЯ на ЗАПИСА
Създаване/Редакция Създаване
Дата на регистрацията/редакция 2020-04-16
Служител, извършил регистрацията/редакцията 30558
Статус, дата на статуса Валя Йорданова
999 ## - СИСТЕМНИ КОНТРОЛНИ НОМЕРА
Koha biblioitemnumber 355380
999 ## - СИСТЕМНИ КОНТРОЛНИ НОМЕРА
Koha biblioitemnumber 355380
Наличности
Код за отписване Код за изгубен артикул Източник на класификационната схема Код за повреда Коз за рестрикции Код за отдаване Артикулен № Име на библиотеката - собственик Име на библиотеката, в която се намира в момента Статус (Текущо местоположение) Дата на вписване в системата Местоположение - отдел Цена в лева Инвентарен номер Систематично азбучна сигнатура Баркод Цена в евро Служебен тип на артикула
  Не е изгубен Universal Decimal Classification Не е повреден само за читалня ползва се в читалня 762584 Регионална библиотека "Любен Каравелов" Русе Регионална библиотека "Любен Каравелов" Русе Краезнание 2020-04-17 Краезнание 0.40 2532/66 К 821/Д 98 900000003827 0.20 Книги
  Не е изгубен Universal Decimal Classification Не е повреден само за читалня Специални фондове ( старопечатни, редки и ценни, фонд М. Арнаудов) 803529 Регионална библиотека "Любен Каравелов" Русе Регионална библиотека "Любен Каравелов" Русе Редки и ценни 2020-10-15 Редки и ценни 0.60 2501/66 Рб 898 900000036493 0.31 Книги
Vip Innovations Ltd, Rousse, Bulgaria 2025